ბათუმის შოთა რუსთაველის სახელმწიფო უნივერსიტეტის ბიბლიოთეკა

დასავლეთ საქართველოს ავტოქთონური ვაზის ჯიშების ფენოლური ნაერთები / (ბიბ.ჩანაწერი № 56928)

000 -ლიდერი
ფიქსირებული სიგრძის საკონტროლო ველი 01317nam a22002297a 4500
003 - საკონტროლო ნომრის იდენტიფიკატორი
საკონტროლო ველი Ge_BSU
005 - ბოლო ოპერაციის თარიღი და დრო
საკონტროლო ველი 20221221151951.0
008 - ფიქსირებული სიგრძის მონაცემთა ელემენტები - ზოგადი ინფორმაცია
ფიქსირებული სიგრძის საკონტროლო ველი 190625b2019 ge ||||| |||| 00| 0 geo d
041 ## - ენის კოდი
Language code of text/sound track or separate title geo
080 ## - უნივერსალური ათობითი კლასიფიკაციის ინდექსი
Universal Decimal Classification number 54 ხ-25
100 ## - მთავარი ჩანაწერი - პიროვნების სახელი
Personal name ხარაძე, მაია.
9 (RLIN) 2895
245 ## - ცნობა სათაურის შესახებ
Title დასავლეთ საქართველოს ავტოქთონური ვაზის ჯიშების ფენოლური ნაერთები /
Statement of responsibility, etc მაია ხარაძე ; სამეცნ.ხელმღ. მ.ვანიძე.
264 ## - წარმოების, გამოცემის, დისტრიბუციის და სხვა ცნობები
გამოცემის, წარმოების, დისტრიბუციის... ადგილი ბათუმი :
გამოცემის, წარმოების, დისტრიბუციის... სახელწოდება ბსუ,
გამოცემის, წარმოების, დისტრიბუციის... თარიღი 2019.
300 ## - ფიზიკური აღწერა
Extent 123 გვ.:
Other physical details ილ ;
Dimensions 30 სმ.
653 ## - INDEX TERM--UNCONTROLLED
Uncontrolled term ქიმია
653 ## - INDEX TERM--UNCONTROLLED
Uncontrolled term ბიოორგანული ქიმია
653 ## - INDEX TERM--UNCONTROLLED
Uncontrolled term დისერტაცია
700 ## - ADDED ENTRY--PERSONAL NAME
Personal name ვანიძე, მაია
Relator term სამეცნიერო ხელმძღვანელი
9 (RLIN) 2896
710 ## - ADDED ENTRY--CORPORATE NAME
Corporate name or jurisdiction name as entry element ბათუმის შოთა რუსთაველის სახელმწიფო უნ-ტი
9 (RLIN) 2660
710 ## - ADDED ENTRY--CORPORATE NAME
Corporate name or jurisdiction name as entry element საბუნებისმეტყველო მეცნიერებათა და ჯანდაცვის ფაკულტეტი ქიმიის დეპარტამენტი
9 (RLIN) 2894
942 ## - ADDED ENTRY ELEMENTS (KOHA)
Source of classification or shelving scheme
Koha item type დისერტაცია
ეგზემპლარები
ჩამოწერის სტატუსი დაკარგული ეგზემპლარის სტატუსი კლასიფიკაციის წყარო ან თაროზე გაწყობის სქემა დაზიანების სტატუსი არ გაიცემა მუდმივი მდებარეობა (დაცვის ადგილი) ამჟამინდელი ადგილსამყოფელი თაროზე განთავსების ადგილი შეძენის თარიღი სრული შენახვის შიფრი შტრიხკოდი ბოლო ოპერაციის თარიღი ეგზემპლარის მიმდევრობითი ნომერი (კეტერი?) ფასის ძალაში შესვლის თარიღი ეგზემპლარის სახეობა
        შიდა ფონდი ბათუმის შოთა რუსთაველის სახელმწიფო უნივერსიტეტის მთავარი ბიბლიოთეკა ბათუმის შოთა რუსთაველის სახელმწიფო უნივერსიტეტის მთავარი ბიბლიოთეკა წიგნსაცავი 2019-06-25 54 ხ-25 დისერტაცია 316 2019-06-25 დისერტაცია 316 2019-06-25 დისერტაცია